000 00782nam a2200241Ia 4500
003 OSt
005 20220923224030.0
006 a|||||r|||| 00| 0
007 ta
008 220922b |||||||| |||| 00| 0 hin d
024 _a224,268
037 _cTextual
040 _aARTS
_cARTS
_bhin
041 _2hin
_ahin
082 _aNW44xNo9, 152P3-;1
100 _aविमल, राय; शर्मा, सुरेश
245 0 _aविमल राय का देवदास
246 _aVimal rāya kā devadāsa
260 _aदिल्ली
_b राधाकृष्ण
_c2003
300 _a184पृ.
_ccm.
942 _hNW44xNo9, 152P3-;1
_cTEXL
_2CC
999 _c368770
_d368770